| 000 | 00794nam a2200217 i 4500 | ||
|---|---|---|---|
| 001 | 16769 | ||
| 003 | ES-MaACL | ||
| 005 | 20240508063025.0 | ||
| 007 | t| | ||
| 008 | 001103s1993 sp ||||1| spa d | ||
| 020 | _a84-88406-04-5 | ||
| 080 | _a75 Povedano, Antonio (064.3) | ||
| 100 | 1 |
_aPovedano, Antonio, _d1918-2008 _9155089 |
|
| 245 | 1 | 3 |
_aEl flamenco y el paisaje _b: octubre 1993 : Centro Cultural de la Villa / _cAntonio Povedano. |
| 260 |
_aMadrid : _bCentro Cultural de la Villa, _c[1993] |
||
| 300 |
_a[36] p. : _bprincipalmente il. col. ; _c25 cm. |
||
| 600 | 1 | 7 |
_aPovedano, Antonio, _d1918-2008- _vExposiciones _2 _9155090 |
| 710 | 2 |
_aFernán Gomez. Centro Cultural de la Villa (Madrid) _9161980 |
|
| 852 |
_aES-MaACL _j2155-F-7 _bR.122251 |
||
| 999 |
_c16769 _d16769 |
||